EU-Mitgliedstaaten und ihre Hauptstädte in alphabetischer Reihenfolge - Statistiken

Allgemein
  • Dieses Quiz wurde 147 mal gespielt
  • Das Durchschnittsergebnis liegt bei 28 aus 54
Antwortstatistiken
% Korrekt
Amsterdam
82%
Belgien
80%
Athen
76%
Berlin
72%
Dänemark
66%
Deutschland
65%
Estland
64%
Frankreich
62%
Griechenland
61%
Finnland
60%
Zypern
60%
Bulgarien
59%
Irland
59%
Italien
59%
Brüssel
58%
Lettland
58%
Kroatien
56%
Litauen
56%
Budapest
55%
Dublin
54%
Niederlande
54%
Ungarn
54%
Spanien
53%
Bratislava
51%
Bukarest
51%
Madrid
51%
Österreich
51%
Polen
51%
Schweden
51%
Slowakei
51%
Slowenien
51%
Wien
51%
Zagreb
51%
Kopenhagen
49%
Luxemburg
49%
Portugal
48%
Tschechien
48%
Lissabon
47%
Malta
47%
Rumänien
47%
Rom
46%
Helsinki
45%
Warschau
45%
Luxemburg
44%
Paris
44%
Vilnius
44%
Prag
41%
Stockholm
41%
Valletta
41%
Ljubljana
40%
Sofia
40%
Riga
39%
Tallinn
34%
Nikosia
31%
Keine übereinstimmenden Quizze gefunden
Verteilung der Resultate
Anzahl Personen mit jedem Resultat
Perzentil nach korrekt beantworteten Fragen
Ihre Resultats-Entwicklung
Sie haben dieses Quiz noch nicht gespielt